Феминология и гендерная политика: учебник

Dades bibliogràfiques
Autor principal: Зуйкова Е. М.
Autor corporatiu: Современный гуманитарный университет
Altres autors: Ерусланова Р. И.
Sumari:Учебник раскрывает основные социально-экономические, политические и духовные проблемы, связанные с тендерной асимметрией в России и необходимостью совершенствования законодательства в области обеспечения социальных и политических прав женщин. Учебник предназначен для студентов, аспирантов и преподавателей вузов Российской Федерации. Может быть полезным и для руководителей, специалистов, занимающихся тендерными проблемами, а также для широкого круга читателей, кому не безразличен социальный статус женщин в российском обществе и реализация на практике равных прав и равных возможностей женщин и мужчин в России. Соответствует требованиям основной образовательной программы подготовки специалистов по специальности 350500 - социальная работа.
Исключено из фонда НТБ ТПУ
Idioma:rus
Publicat: Москва, Изд-во СГУ, 2004
Format: Llibre
KOHA link:https://koha.lib.tpu.ru/cgi-bin/koha/opac-detail.pl?biblionumber=105318

MARC

LEADER 00000nam0a2200000 4500
001 105318
005 20231101214613.0
010 |a 5832303598 
035 |a (RuTPU)RU\TPU\book\113616 
090 |a 105318 
100 |a 20061115d2004 m y0rusy50 ca 
101 0 |a rus 
102 |a RU 
105 |a y j 001zy 
200 1 |a Феминология и гендерная политика  |e учебник  |f Е. М. Зуйкова, Р. И. Ерусланова  |g Современный гуманитарный университет 
210 |a Москва  |c Изд-во СГУ  |d 2004 
215 |a 269 с. 
320 |a Рекомендуемая литература: с. 250-256. 
330 |a Учебник раскрывает основные социально-экономические, политические и духовные проблемы, связанные с тендерной асимметрией в России и необходимостью совершенствования законодательства в области обеспечения социальных и политических прав женщин. Учебник предназначен для студентов, аспирантов и преподавателей вузов Российской Федерации. Может быть полезным и для руководителей, специалистов, занимающихся тендерными проблемами, а также для широкого круга читателей, кому не безразличен социальный статус женщин в российском обществе и реализация на практике равных прав и равных возможностей женщин и мужчин в России. Соответствует требованиям основной образовательной программы подготовки специалистов по специальности 350500 - социальная работа. 
333 |a Исключено из фонда НТБ ТПУ 
451 1 |0 (RuTPU)RU\TPU\book\136113  |y 5-91131-151-8  |t Феминология и гендерная политика  |o учебник  |f Е. М. Зуйкова, Р. И. Ерусланова  |g Современный гуманитарный университет  |e 2-е изд., перераб. и доп.  |c М.  |n Дашков и К  |d 2007  |p 300 с.  |a Зуйкова, Е. М. 
686 |a С55.53  |v LBC/SL-A  |2 rubbk 
686 |a Ф74(0)я73  |v LBC/SL-A  |2 rubbk 
700 1 |a Зуйкова  |b Е. М. 
701 1 |a Ерусланова  |b Р. И. 
712 0 2 |a Современный гуманитарный университет  |2 stltpush  |3 (RuTPU)RU\TPU\col\4085  |9 23927 
801 1 |a RU  |b 63413507  |c 20061115  |g PSBO 
801 2 |a RU  |b 63413507  |c 20210212  |g PSBO 
942 |c BK 
959 |a 90/20061025  |d 1  |e 110,00  |f ЧЗГЛ:1 
959 |a 47/20070604  |d 1  |e 121,00  |f ЧЗГЛ:1